000 00166nam a22000857a 4500
082 _aALG
100 _aAlg
245 _aMathematics for science engineering
942 _cBK
999 _c15322
_d15322